| 000 | 01020cam a2200277 4500 | ||
|---|---|---|---|
| 001 | ABS62648 | ||
| 008 | 000000n2000 000 0 eng u | ||
| 035 | _a(Sirsi) u107526 | ||
| 100 | _aHancock, C. | ||
| 245 | _aJudicious review? | ||
| 260 | _c2000 | ||
| 490 |
_aEstates Gazette _v(0026) 1 July 2000, 145(1) |
||
| 520 | _aBriefly outlines proposed major changes in the judicial review process. Recommended changes will ensure compliance with the Human Rights Act 1998 and the Woolf reforms. One result could be an increase in pre-action costs which may be irrecoverable. Although suggests that the proposals will encourage early dialogue, which should result in overall cost savings. | ||
| 590 | _aABS | ||
| 650 | _aJUDICIAL REVIEW | ||
| 650 | _aREFORMS | ||
| 650 | _aPLANNING DECISIONS | ||
| 650 | _aLOCAL AUTHORITIES | ||
| 650 | _aPRE ACTION PROTOCOL | ||
| 650 | _aCOSTS | ||
| 650 | _aHUMAN RIGHTS ACT 1998 | ||
| 650 | _aWOOLF REFORMS | ||
| 650 | _aCOST SAVINGS | ||
| 690 | _aLAW | ||
| 942 | _n0 | ||
| 999 |
_c64267 _d64267 |
||